Communalism and Ramakatha in Historical Perspective (Record no. 15980)

MARC details
000 -LEADER
fixed length control field 00632nam a2200241 a 4500
020 ## - INTERNATIONAL STANDARD BOOK NUMBER
ISBN 8185220
082 00 - DEWEY DECIMAL CLASSIFICATION NUMBER
Classification number 335.4
Author Cutter TYA
100 ## - MAIN ENTRY--AUTHOR NAME
Author name Tyagi, Anil Kumar
245 ## - TITLE STATEMENT
Title Communalism and Ramakatha in Historical Perspective
260 ## - PUBLICATION, DISTRIBUTION, ETC. (IMPRINT)
Place of publication Delhi
Name of publisher Instt.Of Objective Studies
Year of publication 1997
300 ## - PHYSICAL DESCRIPTION
Number of Pages 85p
500 ## - GENERAL NOTE
General note includes index and biblioraphy
505 2# - FORMATTED CONTENTS NOTE
Formatted contents note Notes and Reference
650 ## - SUBJECT ADDED ENTRY--TOPICAL TERM
Topical Term Communalism
942 ## - ADDED ENTRY ELEMENTS (KOHA)
Koha item type Books
700 1# -
-- Tyagi, Anil Kumar
Holdings
Collection code Home library Current library Date acquired Cost, normal purchase price Full call number Accession Number Koha item type
  Henry Martyn Institute Library Henry Martyn Institute Library 05/01/2007 100.00 335.4 TYA 020135 Books
                   Copyright © 2026 | Henry Martyn Institute | Hyderabad | TS-500052 | INDIA | Implemented by hmi.edu.in
Hit-Count:

Powered by Koha